000 00383 a2200169 4500
001 71630
020 _a8508036221
040 _cAnchieta - Colégio São Paulo
100 _aJunqueira, Sônia
240 1 0 _aO menino e o muro
_lpor
245 1 0 _aO menino e o muro
300 _a[24p.]
362 0 _a2004
440 1 _aÁtica
650 4 _aLiteratura infanto-juvenil
942 _cBK
999 _c71630
_d71630